| 000 | 00981nam a2200289 c 4500 | ||
|---|---|---|---|
| 003 | BLK | ||
| 005 | 20240208160338.0 | ||
| 008 | 180408b bul|||||r ||||||| ||bul|| | ||
| 020 | _a9786199031896 | ||
| 040 | _aBLK | ||
| 041 |
_aBUL _cBUL |
||
| 080 |
_aБългарска литература _b821.163.2 _x-4 _z821.163.2-4 |
||
| 084 | _aД 42 | ||
| 100 |
_aДенев, Румен _9245282 _qДимитров, Румен Денев |
||
| 245 | 1 | 0 |
_aБелият гарван _cРумен Денев _bЕсета |
| 257 | _aBGR | ||
| 260 |
_bЛит. кръг Смисъл _c2018 _9220167 _aСофия |
||
| 300 |
_a124 с. _c20 см |
||
| 380 | _aX | ||
| 500 | _aПълната форма на името на авт. Румен Денев е Румен Денев Димитров. | ||
| 852 |
_aЦб 309552 _bЦб |
||
| 856 | 4 | _qpdf | |
| 856 | 4 | _qpdf | |
| 942 |
_cKNG _n0 _s1 |
||
| 944 |
_aCR _c2021-10-22 _k30556 _lТеодора Пейчева-Дянкова |
||
| 999 |
_c434447 _d434447 |
||